000 00733nam a2200277Ia 4500
003 OSt
005 20220918163503.0
006 a|||||r|||| 00| 0
007 ta
008 220917b |||||||| |||| 00| 0 eng d
020 _a0048000280
024 _a28,769
037 _cTextual
040 _aARTS
_cARTS
_beng
041 _2eng
_aeng
082 _aO111,3M12:g, M5
100 _aMonod Sylvere
_913406
245 0 _aMartin Chuzzlewit
260 _aLondon
_bGeorge Allen and Unwin UK
_c1985
300 _axi,205p.
_ccm.
490 _aUnwin critical library
500 _aBib 199-205p.
650 _aENGLISH LITERATURE
942 _hO111,3M12:g, M5
_cTEXL
_2CC
999 _c119817
_d119817